[Event "Hastings Masters op"]
[Site "Hastings"]
[Date "2023.12.29"]
[Round "2"]
[White "Brown, Thomas"]
[Black "Wadsworth, Matthew J"]
[Result "0-1"]
[WhiteElo "2095"]
[BlackElo "2448"]
[PlyCount "76"]
[EventDate "2023.12.28"]
[EventType "swiss"]
[EventRounds "9"]
[EventCountry "ENG"]
[SourceTitle "CB02_2024"]
[SourceDate "2024.01.10"]
[SourceVersion "1"]
[SourceVersionDate "2024.01.10"]
[SourceQuality "1"]

1. d4 Nf6 2. c4 e6 3. Nc3 Bb4 4. a3 Bxc3+ 5. bxc3 b6 6. f3 Nc6 7. e4 Na5 8. Bd3 Ba6 9. Qe2 c5 10. f4 cxd4 11. cxd4 Qc7 12. Nf3 Bxc4 13. 0-0 Bxd3 14. Qxd3 Qc4 15. Qe3 d5 16. e5 Ne4 17. Bd2 Nb3 18. Rab1 Nbxd2 19. Nxd2 Qc3 20. Qxc3 Nxc3 21. Rb4 Rc8 22. Kf2 Kd7 23. a4 Rc6 24. Ra1 Rhc8 25. Rb3 a6 26. Rba3 f5 27. Ke3 Ne4 28. Nxe4 dxe4 29. Rb1 Rc3+ 30. Rxc3 Rxc3+ 31. Kd2 Rd3+ 32. Ke2 Kc6 33. Rc1+ Kb7 34. Rc4 h5 35. Kf2 h4 36. h3 Rd2+ 37. Kg1 e3 38. Kf1 Rf2+ 0-1

[Event "WLS-chT"]
[Site "Wales"]
[Date "2023.05.21"]
[Round "5"]
[White "Perrett, David C"]
[Black "Brown, Thomas"]
[Result "0-1"]
[WhiteElo "2026"]
[BlackElo "2116"]
[PlyCount "98"]
[EventDate "2023.02.19"]
[EventType "team-tourn"]
[EventRounds "5"]
[EventCountry "WLS"]
[SourceTitle "EXT 2024"]
[Source "ChessBase"]
[SourceDate "2023.10.10"]
[SourceVersion "1"]
[SourceVersionDate "2023.10.10"]
[SourceQuality "1"]
[WhiteTeam "The Full Ponty"]
[BlackTeam "Cardiff"]
[WhiteTeamCountry "WLS"]
[BlackTeamCountry "WLS"]

1. d4 d5 2. Bf4 c5 3. c3 Nc6 4. e3 cxd4 5. exd4 Bf5 6. Nf3 e6 7. Qb3 Qd7 8. Na3 a6 9. Ne5 Nxe5 10. Bxe5 Ne7 11. Nc2 Nc6 12. Ne3 Bg6 13. Bg3 b5 14. Qd1 b4 15. Bd3 bxc3 16. bxc3 Bd6 17. 0-0 Bxg3 18. hxg3 0-0 19. Bxg6 hxg6 20. Qa4 Rfc8 21. Rfc1 Ne5 22. Qxd7 Nxd7 23. c4 dxc4 24. d5 exd5 25. Nxd5 Rc5 26. Ne3 Rac8 27. Rc3 Ne5 28. Rac1 Nd3 29. R1c2 Nb4 30. Rd2 f5 31. a3 Nd3 32. Rdc2 Ne5 33. f4 Ng4 34. Rxc4 Rxc4 35. Rxc4 Rxc4 36. Nxc4 Kf7 37. Kf1 Ke6 38. Ke2 Kd5 39. Kd3 Nf2+ 40. Kc3 Ne4+ 41. Kd3 Nxg3 42. Nb6+ Kc6 43. Nc4 Kb5 44. Nb2 Nh5 45. Ke3 Kc5 46. Kf3 Kd4 47. g4 Nf6 48. gxf5 gxf5 49. Na4 Nd5 0-1

[Event "BCF-chT3E 2223 (4NCL)"]
[Site "England"]
[Date "2023.02.12"]
[Round "6.22"]
[White "Granat, Russell"]
[Black "Brown, Thomas"]
[Result "0-1"]
[WhiteElo "2277"]
[BlackElo "2104"]
[PlyCount "76"]
[EventDate "2022.11.05"]
[EventType "team-tourn"]
[EventRounds "11"]
[EventCountry "ENG"]
[SourceTitle "EXT 2024"]
[Source "ChessBase"]
[SourceDate "2023.10.10"]
[SourceVersion "1"]
[SourceVersionDate "2023.10.10"]
[SourceQuality "1"]
[WhiteTeam "Guildford Castles"]
[BlackTeam "Rhyfelwyr Essyllwg"]
[WhiteTeamCountry "ENG"]
[BlackTeamCountry "ENG"]

1. e4 c6 2. d4 d5 3. Nd2 dxe4 4. Nxe4 Nf6 5. Nxf6+ exf6 6. c3 Bd6 7. Bd3 0-0 8. Ne2 Re8 9. 0-0 Qc7 10. Ng3 g6 11. f4 f5 12. b3 Nd7 13. Qf3 Nf6 14. Bd2 Be6 15. c4 Bf8 16. h3 Bg7 17. Bc3 Red8 18. Kh1 b5 19. Rac1 bxc4 20. bxc4 Qb7 21. Rf2 Ne8 22. Rb2 Qc7 23. Ne2 Rac8 24. Rcb1 Nd6 25. c5 Nb5 26. Bxb5 cxb5 27. Rxb5 Bd5 28. Qf2 Re8 29. R5b2 Re4 30. Ng3 Rxf4 31. Qe3 Rh4 32. Ne2 Bh6 33. Ba5 Bxe3 34. Bxc7 Rxc7 35. Kh2 Bxd4 36. Rb8+ Kg7 37. g3 Re4 38. Nf4 Rxc5 0-1

[Event "BCF-chT3E 2223 (4NCL)"]
[Site "England"]
[Date "2023.02.11"]
[Round "5.12"]
[White "Brown, Thomas"]
[Black "Webb, Richard M"]
[Result "1/2-1/2"]
[WhiteElo "2104"]
[BlackElo "2190"]
[PlyCount "51"]
[EventDate "2022.11.05"]
[EventType "team-tourn"]
[EventRounds "11"]
[EventCountry "ENG"]
[SourceTitle "EXT 2024"]
[Source "ChessBase"]
[SourceDate "2023.10.10"]
[SourceVersion "1"]
[SourceVersionDate "2023.10.10"]
[SourceQuality "1"]
[WhiteTeam "Rhyfelwyr Essyllwg"]
[BlackTeam "Crowthorne"]
[WhiteTeamCountry "ENG"]
[BlackTeamCountry "ENG"]

1. d4 Nf6 2. c4 g6 3. Nc3 d5 4. cxd5 Nxd5 5. e4 Nxc3 6. bxc3 Bg7 7. Be3 c5 8. Rc1 Qa5 9. Qd2 cxd4 10. cxd4 Qxd2+ 11. Bxd2 0-0 12. Nf3 Bg4 13. Be3 Bxf3 14. gxf3 Nc6 15. d5 Nd4 16. Bg2 Rfc8 17. Kd2 e6 18. Kd3 Nb5 19. Rxc8+ Rxc8 20. Rc1 Rxc1 21. Bxc1 exd5 22. exd5 Kf8 23. f4 Ke7 24. f5 Nd6 25. fxg6 hxg6 26. Ba3 1/2-1/2

[Event "Hastings Masters op"]
[Site "Hastings"]
[Date "2022.12.30"]
[Round "3"]
[White "Miller, George"]
[Black "Brown, Thomas"]
[Result "0-1"]
[WhiteElo "1808"]
[BlackElo "2099"]
[PlyCount "66"]
[EventDate "2022.12.28"]
[EventType "swiss"]
[EventRounds "10"]
[EventCountry "ENG"]
[SourceTitle "CBM 212 Extra"]
[Source "ChessBase"]
[SourceDate "2023.03.31"]
[SourceVersion "1"]
[SourceVersionDate "2023.03.31"]
[SourceQuality "1"]

1. c4 e6 2. Nf3 d5 3. d4 a6 4. g3 dxc4 5. Bg2 Nc6 6. 0-0 Rb8 7. e4 Nf6 8. Nc3 Be7 9. d5 exd5 10. exd5 Nb4 11. Ne5 Bf5 12. Bg5 0-0 13. Qf3 Bd3 14. Rfd1 h6 15. Bf4 Nd7 16. Ng4 Nc2 17. Rxd3 cxd3 18. Rd1 Nc5 19. Rxd3 Ne1 20. Nxh6+ gxh6 21. Qg4+ Bg5 22. Ne4 f5 23. Qh5 Qe8 24. Qxe8 Rbxe8 25. Nxc5 Bxf4 26. gxf4 Nxd3 27. Nxd3 Re2 28. d6 c6 29. d7 Rd8 30. Bh3 Rxd7 31. Bxf5 Rxd3 32. Bxd3 Rxb2 33. Kg2 Kg7 0-1

[Event "Hastings Masters op"]
[Site "Hastings"]
[Date "2022.12.29"]
[Round "2"]
[White "Brown, Thomas"]
[Black "Golding, Alex"]
[Result "0-1"]
[WhiteElo "2099"]
[BlackElo "2318"]
[PlyCount "65"]
[EventDate "2022.12.28"]
[EventType "swiss"]
[EventRounds "10"]
[EventCountry "ENG"]
[SourceTitle "CBM 212 Extra"]
[Source "ChessBase"]
[SourceDate "2023.03.31"]
[SourceVersion "1"]
[SourceVersionDate "2023.03.31"]
[SourceQuality "1"]

1. c4 e5 2. g3 Nf6 3. Bg2 Nc6 4. Nc3 d6 5. d3 Be7 6. Rb1 h5 7. h3 h4 8. g4 0-0 9. e3 Nh7 10. Nge2 f5 11. gxf5 Bxf5 12. Ne4 Bg6 13. N2c3 Qe8 14. c5 Bf7 15. b4 Rd8 16. cxd6 cxd6 17. b5 Nb8 18. 0-0 d5 19. Nd2 Be6 20. Nf3 Qh5 21. Nh2 Qg6 22. Ng4 Bf6 23. e4 dxe4 24. Nxe4 Rf7 25. Bb2 b6 26. Kh1 Rfd7 27. Nexf6+ gxf6 28. Be4 Bd5 29. Qe2 Bxe4+ 30. Qxe4 Qxe4+ 31. dxe4 Rd3 32. Ne3 Ng5 33. Kg2 0-1

[Event "South Wales Autumn op"]
[Site "Cardiff"]
[Date "2022.10.16"]
[Round "4"]
[White "Toczek, Grzegorz"]
[Black "Brown, Thomas"]
[Result "1/2-1/2"]
[WhiteElo "2253"]
[BlackElo "2115"]
[PlyCount "73"]
[EventDate "2022.10.15"]
[EventType "swiss"]
[EventRounds "5"]
[EventCountry "WLS"]
[SourceTitle "EXT 2024"]
[Source "ChessBase"]
[SourceDate "2023.10.10"]
[SourceVersion "1"]
[SourceVersionDate "2023.10.10"]
[SourceQuality "1"]

1. e4 c5 2. c3 d5 3. exd5 Qxd5 4. d4 g6 5. Nf3 Bg7 6. Be3 cxd4 7. cxd4 Nf6 8. Nc3 Qd6 9. Rc1 Na6 10. Bc4 0-0 11. 0-0 Nc7 12. Qb3 Be6 13. Bxe6 Nxe6 14. Rfd1 Nc7 15. d5 b5 16. Nxb5 Nxb5 17. Qxb5 Rab8 18. Qc6 Rxb2 19. Bc5 Qd8 20. d6 exd6 21. Rxd6 Qb8 22. Be3 Ng4 23. Bf4 Qb4 24. Bg3 Rxa2 25. h3 Nh6 26. Rd7 Nf5 27. Rb7 Qa3 28. Bb8 Ra1 29. Rxa1 Qxa1+ 30. Kh2 Nd4 31. Nxd4 Bxd4 32. Bg3 a5 33. Qd5 a4 34. Rd7 Bb6 35. Rb7 Qd4 36. Qxd4 Bxd4 37. Rb4 1/2-1/2

[Event "Newcastle Northumbria Masters"]
[Site "Newcastle on Tyne"]
[Date "2022.08.27"]
[Round "2"]
[White "Bansal, Saahil"]
[Black "Brown, Thomas"]
[Result "0-1"]
[WhiteElo "1940"]
[BlackElo "2140"]
[PlyCount "64"]
[EventDate "2022.08.26"]
[EventType "swiss"]
[EventRounds "9"]
[EventCountry "ENG"]
[SourceTitle "CBM 210 Extra"]
[Source "ChessBase"]
[SourceDate "2022.11.30"]
[SourceVersion "1"]
[SourceVersionDate "2022.11.30"]
[SourceQuality "1"]

1. d4 Nf6 2. c4 c5 3. Nf3 cxd4 4. Nxd4 e5 5. Nb5 d5 6. cxd5 Bc5 7. e3 0-0 8. N5c3 e4 9. Nd2 Re8 10. Bb5 Bd7 11. Bc4 Bb4 12. Qb3 a5 13. a3 Bxc3 14. bxc3 b5 15. Bxb5 a4 16. Qc4 Bxb5 17. Qxb5 Ra5 18. Qc4 Nbd7 19. Qd4 Rxd5 20. Qxa4 Nc5 21. Qc2 Nd3+ 22. Ke2 Ng4 23. h3 Ngxf2 24. Rf1 Qh4 25. c4 Rg5 26. g4 Qxh3 27. Rxf2 Nxf2 28. Kxf2 Rxg4 29. Qa4 Rg2+ 30. Ke1 Rg1+ 31. Nf1 Qxf1+ 32. Kd2 Qd3# 0-1

[Event "Newcastle Northumbria Masters"]
[Site "Newcastle on Tyne"]
[Date "2022.08.26"]
[Round "1"]
[White "Brown, Thomas"]
[Black "Clarke, Connor"]
[Result "1/2-1/2"]
[WhiteElo "2140"]
[BlackElo "1845"]
[PlyCount "34"]
[EventDate "2022.08.26"]
[EventType "swiss"]
[EventRounds "9"]
[EventCountry "ENG"]
[SourceTitle "CBM 210 Extra"]
[Source "ChessBase"]
[SourceDate "2022.11.30"]
[SourceVersion "1"]
[SourceVersionDate "2022.11.30"]
[SourceQuality "1"]

1. d4 d5 2. Bf4 c5 3. c3 cxd4 4. cxd4 Nc6 5. Nc3 e6 6. e3 Nf6 7. Nf3 Bd6 8. Bg3 0-0 9. Rc1 Re8 10. Bb5 a6 11. Bxc6 bxc6 12. 0-0 a5 13. Na4 Ba6 14. Re1 Bb4 15. Nc3 Rc8 16. Bh4 c5 17. a3 cxd4 1/2-1/2

[Event "Split op 11th"]
[Site "Split"]
[Date "2022.07.18"]
[Round "4"]
[White "Dauner, Benedikt"]
[Black "Brown, Thomas"]
[Result "1-0"]
[WhiteElo "2323"]
[BlackElo "2194"]
[PlyCount "67"]
[EventDate "2022.07.16"]
[EventType "swiss"]
[EventRounds "9"]
[EventCountry "CRO"]
[SourceTitle "CBM 209 Extra"]
[Source "ChessBase"]
[SourceDate "2022.09.30"]
[SourceVersion "1"]
[SourceVersionDate "2022.09.30"]
[SourceQuality "1"]

1. d4 d5 2. Bf4 c5 3. Nc3 Nf6 4. e4 cxd4 5. Qxd4 Nc6 6. Bb5 Bd7 7. Bxc6 Bxc6 8. e5 Nd7 9. e6 fxe6 10. Nf3 Qb6 11. Qd2 0-0-0 12. 0-0 h6 13. a4 g5 14. Be3 Qb4 15. Bd4 e5 16. Nxe5 Nxe5 17. Bxe5 Rg8 18. Qd3 e6 19. Nb5 Bc5 20. Qh7 Bd7 21. Ra3 d4 22. c3 Qxb2 23. Rb1 Qxb1+ 24. Qxb1 Bxb5 25. Qxb5 Bxa3 26. Qc4+ Kd7 27. Qc7+ Ke8 28. cxd4 Rf8 29. Qxb7 Rd7 30. Qb3 Bc1 31. Qxe6+ Kd8 32. Bf6+ Kc8 33. Qc6+ Rc7 34. Qa8+ 1-0

[Event "WLS-ch 66th"]
[Site "Cardiff"]
[Date "2022.04.17"]
[Round "5"]
[White "Smith, Lynda"]
[Black "Brown, Thomas"]
[Result "1/2-1/2"]
[WhiteElo "1772"]
[BlackElo "2173"]
[PlyCount "71"]
[EventDate "2022.04.15"]
[EventType "swiss"]
[EventRounds "7"]
[EventCountry "WLS"]
[SourceTitle "CBM 207 Extra"]
[Source "ChessBase"]
[SourceDate "2022.05.31"]
[SourceVersion "1"]
[SourceVersionDate "2022.05.31"]
[SourceQuality "1"]

1. f4 d5 2. Nf3 Nf6 3. g3 e6 4. Bg2 b5 5. a4 b4 6. c3 a5 7. Ne5 Bb7 8. 0-0 Nbd7 9. d4 Be7 10. Nd2 c5 11. Ndf3 0-0 12. g4 Nxe5 13. Nxe5 Ne4 14. Be3 f6 15. Nd3 bxc3 16. Bxe4 dxe4 17. Nxc5 cxb2 18. Rb1 Bxc5 19. dxc5 Bc6 20. Rxb2 Qxd1 21. Rxd1 Bxa4 22. Rd6 Rfe8 23. Rbb6 Kf7 24. Kf2 Re7 25. Ra6 Rea7 26. Rab6 Bd7 27. c6 Bc8 28. Rd8 a4 29. Bc5 a3 30. Bxa3 e3+ 31. Kg3 Rxa3 32. c7 Rc3 33. Rb8 Ra7 34. Rbxc8 Raxc7 35. Rxc7+ Rxc7 36. Rd3 1/2-1/2

[Event "WLS-ch 66th"]
[Site "Cardiff"]
[Date "2022.04.16"]
[Round "4"]
[White "Brown, Thomas"]
[Black "Thomas, James M"]
[Result "1/2-1/2"]
[WhiteElo "2173"]
[BlackElo "1941"]
[PlyCount "56"]
[EventDate "2022.04.15"]
[EventType "swiss"]
[EventRounds "7"]
[EventCountry "WLS"]
[SourceTitle "CBM 207 Extra"]
[Source "ChessBase"]
[SourceDate "2022.05.31"]
[SourceVersion "1"]
[SourceVersionDate "2022.05.31"]
[SourceQuality "1"]

1. d4 Nf6 2. Nf3 c5 3. d5 e6 4. Nc3 exd5 5. Nxd5 Nxd5 6. Qxd5 Nc6 7. Bf4 Qf6 8. Qe4+ Qe6 9. Ng5 Qxe4 10. Nxe4 d5 11. Nd6+ Bxd6 12. Bxd6 Nb4 13. 0-0-0 Bf5 14. a3 Nxc2 15. e4 Bxe4 16. Bb5+ Kd8 17. f3 Nd4 18. Rxd4 cxd4 19. fxe4 Rc8+ 20. Kb1 dxe4 21. Be5 Rc5 22. Bxg7 Rg8 23. Bf6+ Kc7 24. Ba4 d3 25. Bd4 Ra5 26. Bb3 Rxg2 27. Bxf7 Kd6 28. h4 Rf5 1/2-1/2

[Event "Larnaca OFIS op 2nd"]
[Site "Larnaca"]
[Date "2021.10.29"]
[Round "8"]
[White "Flaum, Mark"]
[Black "Brown, Thomas"]
[Result "0-1"]
[WhiteElo "1956"]
[BlackElo "2123"]
[PlyCount "76"]
[EventDate "2021.10.22"]
[EventType "swiss"]
[EventRounds "9"]
[EventCountry "CYP"]
[SourceTitle "CBM 204 Extra"]
[Source "ChessBase"]
[SourceDate "2021.11.30"]
[SourceVersion "1"]
[SourceVersionDate "2021.11.30"]
[SourceQuality "1"]

1. e4 g6 2. d4 Bg7 3. Be3 c5 4. Nc3 cxd4 5. Bxd4 Nf6 6. e5 Nh5 7. Nge2 f5 8. f4 Nc6 9. h3 0-0 10. Be3 Bh6 11. Qd2 d6 12. g4 fxg4 13. hxg4 Bxg4 14. exd6 Qxd6 15. Qxd6 exd6 16. 0-0-0 Rae8 17. Bg1 Rxf4 18. Nxf4 Bxf4+ 19. Kb1 Bxd1 20. Bc4+ Kf8 21. Bf2 Bg4 22. Rf1 Bf5 23. Nb5 a6 24. Nc7 Ne5 25. Bd5 Re7 26. Bb6 Nd7 27. Ba5 Re2 28. Ka1 Rxc2 29. Ne6+ Bxe6 30. Bxe6 Nc5 31. Kb1 Rc1+ 32. Rxc1 Bxc1 33. Bd5 Nf6 34. Bg2 Bf4 35. Kc2 h5 36. b4 Nce4 37. Kd3 d5 38. Bb6 g5 0-1

[Event "Larnaca OFIS op 2nd"]
[Site "Larnaca"]
[Date "2021.10.28"]
[Round "7"]
[White "Brown, Thomas"]
[Black "Christiansen, Johan Sebastian"]
[Result "0-1"]
[WhiteElo "2123"]
[BlackElo "2582"]
[PlyCount "36"]
[EventDate "2021.10.22"]
[EventType "swiss"]
[EventRounds "9"]
[EventCountry "CYP"]
[SourceTitle "CBM 204 Extra"]
[Source "ChessBase"]
[SourceDate "2021.11.30"]
[SourceVersion "1"]
[SourceVersionDate "2021.11.30"]
[SourceQuality "1"]

1. d4 Nf6 2. Nf3 d5 3. c3 e6 4. Bf4 Nh5 5. Bg5 f6 6. g4 fxg5 7. gxh5 Nc6 8. Qc2 g4 9. Nfd2 Qh4 10. e4 Be7 11. Bd3 0-0 12. Nf1 Qxh5 13. Ng3 Qh6 14. e5 Bd7 15. Nd2 Bg5 16. Nb3 b6 17. Qe2 Rf3 18. h3 Raf8 0-1

[Event "Larnaca OFIS op 2nd"]
[Site "Larnaca"]
[Date "2021.10.27"]
[Round "5"]
[White "Brown, Thomas"]
[Black "Mis, Mieszko"]
[Result "0-1"]
[WhiteElo "2123"]
[BlackElo "2347"]
[PlyCount "43"]
[EventDate "2021.10.22"]
[EventType "swiss"]
[EventRounds "9"]
[EventCountry "CYP"]
[SourceTitle "CBM 204 Extra"]
[Source "ChessBase"]
[SourceDate "2021.11.30"]
[SourceVersion "1"]
[SourceVersionDate "2021.11.30"]
[SourceQuality "1"]

1. d4 Nf6 2. Nf3 e6 3. Bf4 c5 4. e3 Qb6 5. Nbd2 Qxb2 6. Rb1 Qc3 7. Be5 Nc6 8. Bxf6 gxf6 9. Bd3 d5 10. dxc5 f5 11. 0-0 Bxc5 12. Rb3 Qg7 13. c4 d4 14. exd4 Nxd4 15. Nxd4 Qxd4 16. Qh5 Rg8 17. g3 b6 18. Bxf5 Qxd2 19. Rd3 Qg5 20. Qf3 Qxf5 21. Qc6+ Ke7 22. Rfd1 0-1

[Event "Newcastle Northumbria Masters"]
[Site "Newcastle on Tyne"]
[Date "2021.08.28"]
[Round "4"]
[White "Brown, Thomas"]
[Black "Siddharth, Gopakumar"]
[Result "0-1"]
[WhiteElo "2129"]
[BlackElo "1856"]
[PlyCount "98"]
[EventDate "2021.08.26"]
[EventType "swiss"]
[EventRounds "9"]
[EventCountry "ENG"]
[SourceTitle "CBM 204 Extra"]
[Source "ChessBase"]
[SourceDate "2021.11.30"]
[SourceVersion "1"]
[SourceVersionDate "2021.11.30"]
[SourceQuality "1"]

1. d4 d5 2. Bf4 Nf6 3. e3 g6 4. h4 h5 5. Nf3 Bg4 6. Nc3 c6 7. Qd2 Nbd7 8. Ne5 Nxe5 9. Bxe5 Bg7 10. Bd3 0-0 11. f3 Be6 12. Ne2 Qc8 13. Nf4 Bf5 14. 0-0-0 Ne8 15. Bxf5 Qxf5 16. Bxg7 Nxg7 17. Rdg1 e5 18. g4 hxg4 19. fxg4 Qe4 20. dxe5 Qxe5 21. h5 g5 22. Nd3 Qe4 23. Nc5 Qe7 24. Qc3 f6 25. e4 Ne6 26. Nxe6 Qxe6 27. exd5 Qxd5 28. Kb1 Rad8 29. a3 Qd4 30. Qb3+ Rd5 31. Rd1 Qxg4 32. Rxd5 cxd5 33. Qxd5+ Rf7 34. Qd3 f5 35. Qd6 f4 36. Qg6+ Rg7 37. Qe8+ Kh7 38. h6 Qf3 39. Rh2 Qd1+ 40. Ka2 Qd5+ 41. b3 Rf7 42. Rh5 Qf5 43. Kb1 Rd7 44. Rh1 f3 45. Rf1 f2 46. Kb2 Rf7 47. Qe3 g4 48. Qg3 Qf3 49. Qb8 g3 0-1